Perspektívne postavenie Juhoafrickej republiky na energetickom trhu

Energetický sektor Juhoafrickej republiky. Neobnoviteľné zdroje energie Juhoafrickej republiky - uhlie, ropa, zemný plyn. Obnoviteľné zdroje energie Juhoafrickej republiky - biomasa, vodná energia, solárna energia. Energetická politika Juhoafrickej republiky.

Gespeichert in:
Bibliographische Detailangaben
1. Verfasser: Abdová, Mariam
Format: Buchkapitel
Sprache:Slowakisch
Schlagworte:
Tags: Tag hinzufügen
Keine Tags, Fügen Sie das erste Tag hinzu!

MARC

LEADER 00000nla a2200000 4500
001 0163124
005 20240502072828.7
041 0 |a slo 
044 |a SK 
245 1 0 |a Perspektívne postavenie Juhoafrickej republiky na energetickom trhu  |c Mariam Abdová 
520 |a Energetický sektor Juhoafrickej republiky. Neobnoviteľné zdroje energie Juhoafrickej republiky - uhlie, ropa, zemný plyn. Obnoviteľné zdroje energie Juhoafrickej republiky - biomasa, vodná energia, solárna energia. Energetická politika Juhoafrickej republiky. 
610 2 0 |a zdroje energie prírodné 
610 2 0 |a zdroje energie obnoviteľné 
610 2 0 |a politika energetická 
610 2 0 |a Juhoafrická republika 
100 1 |a Abdová, Mariam